• 首页
  • 本馆介绍
  • 公告通知
  • 最新文献
  • 馆藏检索
  • 电子资源
  • 读者导购
  • 参考咨询
  • 我的图书馆
  • 登录
  • 详细信息显示
  • 放入我的书架
  • 预约/预借图书
  • 作者相关作品
  • 分类相关作品
  • 丛书相关作品
  • 出版社相关作品

书目信息

  • 表格格式
  • 工作单格式
  • 卡片格式
题名:
繁花
    
 
作者: 叶锦添 著
分册:  
出版信息: 北京   生活·读书·新知三联书店  2003
页数: 165页
开本: 20cm
丛书名:
单 册:
中图分类: J01
科图分类:
主题词: 艺术美学
电子资源:
ISBN: 7-108-01839-X
000 00628nam0 2200205 45
001 0312091033
005 20031219104122.6
010    @a7-108-01839-X@dCNY32.00
100    @a20031209d2003 km y0chiy0120 ea
101 0  @achi
105    @aa z 000yy
200 1  @a繁花@AFan Hua@e美学·散文·作品集@EMei Xue·San Wen·Zuo Pin Ji@f叶锦添著@FYe Jin Tian Zhu
210    @a北京@c生活·读书·新知三联书店@d2003
215    @a165页@c图@d20cm
517    @a美学·散文·作品集@AMei Xue·San Wen·Zuo Pin Ji
606 0  @a艺术美学
690    @aJ01@v4
701  0 @a叶锦添@4著
801    @aCN@bTSTC@c20031209
905    @b329666-673@dJ01@e107@f8
    
    繁花:美学·散文·作品集/叶锦添著.-北京:生活·读书·新知三联书店,2003
    165页:图;20cm
    
    
    ISBN 7-108-01839-X:CNY32.00
    
●
相关链接 在E读中查询图书 在五车中查询图书 在当当中查询图书 在豆瓣中查询图书


正题名:繁花     索取号:J01/107         预约/预借

序号 登录号 条形码 馆藏地/架位号 状态 备注
1 0329666   203296664   第一借阅区/ [索取号:J01/107] 在馆    
2 0329667   203296673   第一借阅区/ [索取号:J01/107] 在馆    
3 0329668   203296682   第一借阅区/ [索取号:J01/107] 在馆    
4 0329669   203296691   第一借阅区/ [索取号:J01/107] 在馆    
5 0329670   203296708   第一借阅区/ [索取号:J01/107] 在馆    
6 0329671   203296717   第一借阅区/ [索取号:J01/107] 在馆    
7 0329672   203296726   第一借阅区/ [索取号:J01/107] 在馆    
8 0329673   203296735   第一样本阅览室/ [索取号:J01/107] 在馆    
唐山师范学院图书馆 欢迎您!
大连网信软件有限公司© 版权所有